|
|
|
|
| LEADER |
00000nam0a2200000 4500 |
| 001 |
378723 |
| 005 |
20231101054735.0 |
| 035 |
|
|
|a (RuTPU)RU\TPU\retro\36184
|
| 035 |
|
|
|a RU\TPU\book\86478
|
| 090 |
|
|
|a 378723
|
| 100 |
|
|
|a 20230613d1972 m y0rusy50 ca
|
| 101 |
0 |
|
|a rus
|
| 102 |
|
|
|a RU
|
| 105 |
|
|
|a a z 001zy
|
| 200 |
1 |
|
|a Электрическое моделирование явлений тепло- и массопереноса
|f Л. А. Коздоба
|
| 210 |
|
|
|a Москва
|c Энергия
|d 1972
|
| 215 |
|
|
|a 296 с.
|c черт.
|
| 320 |
|
|
|a Библиогр.: с. 279-294
|
| 610 |
1 |
|
|a теплообмен
|
| 610 |
1 |
|
|a электрическое моделирование
|
| 610 |
1 |
|
|a массообмен
|
| 675 |
|
|
|a 621.1.016.4
|v 3
|
| 700 |
|
1 |
|a Коздоба
|b Л. А.
|g Леонид Алексеевич
|
| 801 |
|
1 |
|a RU
|b 63413507
|c 20050906
|g PSBO
|
| 801 |
|
2 |
|a RU
|b 63413507
|c 20230613
|g PSBO
|
| 942 |
|
|
|c BK
|